|
|
|
|
| LEADER |
00000cam a2200000 7i4500 |
| 001 |
0000000545 |
| 005 |
20020301.0 |
| 020 |
0 |
0 |
|a 0933595824
|
| 090 |
0 |
0 |
|a 634.973748
|b ACA 1993
|
| 245 |
0 |
0 |
|a ACACIA mangium :
|b Growing and utilization
|c edited by Kamis Awang and David Taylor
|
| 260 |
0 |
0 |
|a Bangkok, Thailand :
|b Winrock Internationa;
|a Rome :
|b Food and Agriculture Organization ,
|c 1993
|
| 300 |
|
|
|a xiii, 280 p. :
|b ill. (some col.), maps ;
|c 25 cm.
|
| 500 |
0 |
0 |
|a Includes bibliographical references and index
|
| 650 |
0 |
0 |
|a Mangium
|
| 700 |
0 |
1 |
|a Kamis Awang
|
| 700 |
0 |
1 |
|a Taylor
|h David
|
| 998 |
|
|
|a JPSM
|
| 999 |
|
|
|a 0000000482
|b Monograph
|c Open Shelf
|e Default branch
|